| 000 | 00460ntaaa2200181 4500 | ||
|---|---|---|---|
| 003 | 01 | ||
| 005 | 20251027202754.0 | ||
| 008 | 0714s1973 ag 01 | ||
| 040 |
_aAR-BaBN _bspa _cAR-BaBN _eaacr _dRIC |
||
| 082 | _a808.5000 An2t | ||
| 100 |
_aAnderson, Virgil A _927857 |
||
| 245 | _aTraining the speaking voice | ||
| 250 | _a1 ed. | ||
| 260 |
_aNew York : _bOxford University Press, _cc1942, 1955 |
||
| 300 | _a387 p | ||
| 650 |
_aoratoria _96771 |
||
| 942 | _cBK | ||
| 999 |
_c22999 _d22999 |
||